|
|
|
|
| LEADER |
00000cam a2200000 c 4500 |
| 001 |
1604273984 |
| 003 |
DE-627 |
| 005 |
20251225191926.0 |
| 007 |
tu |
| 008 |
030328s2003 xx ||||| 00| ||eng c |
| 010 |
|
|
|a 2002155905
|
| 016 |
7 |
|
|a bA3Y7253
|2 UK
|
| 020 |
|
|
|a 0787964751
|9 0-7879-6475-1
|
| 035 |
|
|
|a (DE-627)1604273984
|
| 035 |
|
|
|a (DE-576)104005874
|
| 035 |
|
|
|a (DE-599)BSZ104005874
|
| 035 |
|
|
|a (OCoLC)51306020
|
| 040 |
|
|
|a DE-627
|b ger
|c DE-627
|e rakwb
|
| 041 |
|
|
|a eng
|
| 082 |
0 |
|
|a 248.4
|
| 084 |
|
|
|a 5,2
|2 ssgn
|
| 100 |
1 |
|
|a Graves, Stephen R.
|4 aut
|
| 245 |
1 |
4 |
|a The clout
|b tapping spiritual wisdom to become a person of influence
|c Stephen R. Graves; Thomas G. Addington
|
| 250 |
|
|
|a 1. ed.
|
| 263 |
|
|
|a : £15.50
|
| 264 |
|
1 |
|a San Francisco, CA
|b Jossey-Bass
|c 2003
|
| 300 |
|
|
|a XI, 193 S.
|
| 336 |
|
|
|a Text
|b txt
|2 rdacontent
|
| 337 |
|
|
|a ohne Hilfsmittel zu benutzen
|b n
|2 rdamedia
|
| 338 |
|
|
|a Band
|b nc
|2 rdacarrier
|
| 601 |
|
|
|a Spiritual
|
| 601 |
|
|
|a Influencer
|
| 650 |
|
0 |
|a Influence (Psychology)
|
| 689 |
0 |
0 |
|d s
|0 (DE-588)4151276-5
|0 (DE-627)104636610
|0 (DE-576)209786868
|2 gnd
|a Einfluss
|
| 689 |
0 |
1 |
|d s
|0 (DE-588)4047704-6
|0 (DE-627)106193821
|0 (DE-576)209074426
|2 gnd
|a Psychologie
|
| 689 |
0 |
|
|5 (DE-627)
|
| 700 |
1 |
|
|a Addington, Thomas G.
|4 aut
|
| 935 |
|
|
|a mteo
|
| 951 |
|
|
|a BO
|
| ELC |
|
|
|b 1
|
| ORI |
|
|
|a SA-MARC-ixtheo_oa001.raw
|
| STA |
0 |
0 |
|a Influence,Social influence,Influence (Psychology),Influence,Psychology
|
| STB |
0 |
0 |
|a Influence,Influence (psychologie),Influence,Psychologie
|
| STC |
0 |
0 |
|a Influencia,Psicología
|
| STD |
0 |
0 |
|a Influenza,Psicologia
|
| STE |
0 |
0 |
|a 影响,作用,心理学
|
| STF |
0 |
0 |
|a 影響,作用,心理學
|
| STG |
0 |
0 |
|a Influência,Psicologia
|
| STH |
0 |
0 |
|a Влияние,Психология
|
| STI |
0 |
0 |
|a Επιρροή,Ψυχολογία
|
| SYG |
0 |
0 |
|a Sozialer Einfluss,Gesellschaftlicher Einfluss , Psychology,Psyche,Psychologische Theorie,Psychologischer Aspekt,Theoretische Psychologie,Mensch
|